000 01354cam a2200217 4500
001 WB4001-08
008 031222n2003 000 0 eng u
035 _a(Sirsi) u124676
245 _aPlanning reform key to sustainable development
260 _c2003
490 _aPlanning (for the Natural and Built Environment)
_v(1549) 12 December 2003, 3(1)
520 _aThe Sustainable Development Commission, the government's independent adviser, has published "Mainstreaming sustainable regeneration", in which it advocates planning reform as the best opportunity to make sustainable development a mainstream practice. It sees the Planning and Compulsory Purchase Bill as a crucial vehicle for integrating sustainability with development, identifies criteria for sustainable regeneration, flags up examples of good practice and recommends ways of making such schemes mainstream. The commission is urging the government to publish action plans by July 2004 in the light of the commission's findings. The report is available at http://www.sd-commission.gov.uk/pubs/regeneration/mainstream/index.htm
590 _aWB
650 _aSUSTAINABLE REGENERATION
650 _aPLANNING REFORM
650 _aPLANNING AND COMPULSORY PURCHASE ACT 2004
650 _aREGENERATION
650 _aGOOD PRACTICE
690 _aDEVELOPMENT-SUSTAINABLE
942 _n0
999 _c73991
_d73991